Statistics for Wars The USMC Fought In

Click here to take the quiz!

General Stats

  • This quiz has been taken 7 times
  • The average score is 8 of 20

Answer Stats

YearWar% Correct
1775-1783Revolutionary War
100%
1965-1973Vietnam War
100%
1990-1991Gulf War
86%
1914-1918World War 1
86%
1939-1945World War 2
86%
1950-1953Korean War
71%
1898Spanish-American War
71%
1812-1814War Of 1812
71%
1846-1848Mexican-American War
57%
1861-1865American Civil War
43%
2001-2021Invasion of Afghanistan
14%
2003Invasion of Iraq
14%
1980
Operation Eagle Claw
0%
2004First Battle Of Fallujah
0%
1989-1997Liberian Civil War
0%
1989-1990Operation Just Cause
0%
1997Operation Silver Wake
0%
1983Operation Urgent Fury
0%
2004Second Battle Of Fallujah
0%
2014-2021US led Intervention In Iraq
0%

Score Distribution

Percentile by Number Answered

Percent of People with Each Score

Your Score History

You have not taken this quiz